[Event "Port of Spain Knights op"]
[Site "Port of Spain"]
[Date "2015.05.14"]
[Round "5"]
[White "Sears, Frank"]
[Black "Ali, Ian"]
[Result "1-0"]
[WhiteElo "1836"]
[BlackElo "1812"]
[PlyCount "109"]
[EventDate "2015.04.16"]
[EventType "swiss"]
[EventRounds "7"]
[EventCountry "TRI"]
[SourceTitle "EXT 2016"]
[Source "ChessBase"]
[SourceDate "2015.10.08"]
[SourceVersion "1"]
[SourceVersionDate "2015.10.08"]
[SourceQuality "1"]

1. e4 c5 2. Nf3 e6 3. d4 cxd4 4. Nxd4 a6 5. c4 Qc7 6. Be2 Nf6 7. f3 Nc6 8. Be3 b6 9. Qd2 Bb7 10. Nc3 Rc8 11. Rc1 Bc5 12. 0-0 Nxd4 13. Bxd4 0-0 14. Rfd1 Rfd8 15. a3 Bxd4+ 16. Qxd4 Qc5 17. e5 Ne8 18. b4 Qxd4+ 19. Rxd4 Kf8 20. Rcd1 Ke7 21. Na4 d5 22. Nxb6 Rb8 23. c5 Nc7 24. a4 Na8 25. a5 Nc7 26. c6 Bc8 27. Rc1 f6 28. f4 fxe5 29. fxe5 Rf8 30. Rf1 Rxf1+ 31. Kxf1 Na8 32. Na4 Nc7 33. Nc3 Ne8 34. b5 axb5 35. Bxb5 Nc7 36. Bd3 Rb3 37. Na4 Rxd3 38. Rxd3 Ba6 39. Nc5 Bxd3+ 40. Nxd3 Na6 41. Nf4 g5 42. Ne2 h6 43. Nd4 Nc5 44. Ke2 Kd8 45. a6 Nxa6 46. Nxe6+ Ke7 47. Nd4 h5 48. Ke3 Nc5 49. g3 Kd8 50. h4 gxh4 51. gxh4 Na6 52. Kf4 Nc5 53. Kf5 Na6 54. Ke6 Nc7+ 55. Kd6 1-0

[Event "De Verteuil Memorial 22nd"]
[Site "Port of Spain"]
[Date "2014.11.20"]
[Round "5"]
[White "Singh, Carlyle"]
[Black "Sears, Frank"]
[Result "0-1"]
[WhiteElo "1624"]
[BlackElo "1919"]
[PlyCount "70"]
[EventDate "2014.10.16"]
[EventType "swiss"]
[EventRounds "7"]
[EventCountry "TRI"]
[SourceTitle "EXT 2016"]
[Source "ChessBase"]
[SourceDate "2015.10.08"]
[SourceVersion "1"]
[SourceVersionDate "2015.10.08"]
[SourceQuality "1"]

1. e4 e5 2. Nf3 Nf6 3. Nxe5 d6 4. Nf3 Nxe4 5. d4 d5 6. Bd3 Nc6 7. c3 Bg4 8. 0-0 Be7 9. Re1 f5 10. Nbd2 0-0 11. Qb3 Rf6 12. Nxe4 fxe4 13. Bxe4 Be6 14. Bxh7+ Kh8 15. Ng5 Qd6 16. Rxe6 Rxe6 17. Nxe6 Qxe6 18. Bd3 Qe1+ 19. Bf1 Bg5 20. Bxg5 Qxa1 21. Qxb7 Re8 22. Qxc6 Re1 23. Qa6 Qxb2 24. Qd3 Qxa2 25. g4 a5 26. Bf4 a4 27. Be5 Qb1 28. Qh3+ Kg8 29. g5 a3 30. Qc8+ Kh7 31. Qh3+ Kg6 32. Qe6+ Kxg5 33. Qe7+ Kh5 34. Qxa3 Rxf1+ 35. Kg2 Rg1+ 0-1

[Event "De Verteuil Memorial 22nd"]
[Site "Port of Spain"]
[Date "2014.11.13"]
[Round "4"]
[White "Sears, Frank"]
[Black "Yee, Frank"]
[Result "1/2-1/2"]
[WhiteElo "1919"]
[BlackElo "2062"]
[PlyCount "40"]
[EventDate "2014.10.16"]
[EventType "swiss"]
[EventRounds "7"]
[EventCountry "TRI"]
[SourceTitle "EXT 2016"]
[Source "ChessBase"]
[SourceDate "2015.10.08"]
[SourceVersion "1"]
[SourceVersionDate "2015.10.08"]
[SourceQuality "1"]

1. e4 e5 2. Nf3 Nc6 3. Bc4 Nf6 4. d3 Bc5 5. c3 Bb6 6. h3 d5 7. exd5 Nxd5 8. Bb5 0-0 9. 0-0 Qd6 10. Na3 f6 11. Nc4 Qd8 12. Nxb6 axb6 13. Ba4 Kh8 14. Bc2 Be6 15. d4 exd4 16. Nxd4 Nxd4 17. Qxd4 Qd7 18. Re1 Rae8 19. Bd2 Ne7 20. Qxd7 Bxd7 1/2-1/2

[Event "De Verteuil Memorial 22nd"]
[Site "Port of Spain"]
[Date "2014.10.30"]
[Round "2"]
[White "Seaforth, Sylvan"]
[Black "Sears, Frank"]
[Result "1/2-1/2"]
[WhiteElo "1723"]
[BlackElo "1919"]
[PlyCount "167"]
[EventDate "2014.10.16"]
[EventType "swiss"]
[EventRounds "7"]
[EventCountry "TRI"]
[SourceTitle "EXT 2016"]
[Source "ChessBase"]
[SourceDate "2015.10.08"]
[SourceVersion "1"]
[SourceVersionDate "2015.10.08"]
[SourceQuality "1"]

1. d4 Nf6 2. Bg5 e6 3. Nd2 Be7 4. e4 d5 5. e5 Nfd7 6. Bxe7 Qxe7 7. Qg4 g6 8. c3 c5 9. Bb5 Nc6 10. Ne2 a6 11. Bxc6 bxc6 12. 0-0 a5 13. f4 Ba6 14. Rf2 0-0 15. Ng3 f5 16. Qh3 cxd4 17. cxd4 c5 18. Nf3 Rfc8 19. Ne2 Ra7 20. g4 Rf8 21. Ng3 Bd3 22. gxf5 exf5 23. dxc5 Qxc5 24. Ng5 Qe7 25. Rc1 Nc5 26. Rd2 a4 27. Qg2 Be4 28. N3xe4 dxe4 29. Rd6 Nd3 30. Rf1 Rb7 31. Qc2 Nxe5 32. Re6 Qd7 33. Rxe5 Qd4+ 34. Kh1 Qd3 35. Qxd3 exd3 36. Rf2 Rd7 37. Rd2 Rc8 38. Re3 Rc2 39. Nf3 Rb7 40. Rexd3 Rbxb2 41. Rd8+ Kg7 42. R8d7+ Kf8 43. Rd8+ Kg7 44. Rxc2 Rxc2 45. Rd2 Rc4 46. Rd4 Rc3 47. Kg2 Rc2+ 48. Rd2 Rc3 49. Kf2 Kf6 50. h4 Ra3 51. Ke2 Ke7 52. Nd4 h6 53. Rc2 Kd7 54. Rc7+ Ke8 55. Rc2 Kd7 56. Rd2 Ke8 57. Nb5 Rh3 58. h5 Rxh5 59. Kd3 Rh4 60. Rf2 Kf7 61. Kc4 g5 62. Nc3 a3 63. Kb3 g4 64. Kxa3 Ke6 65. Kb4 g3 66. Rf3 g2 67. Ne2 Rg4 68. a4 g1Q 69. Nxg1 Rxg1 70. Rh3 Rg6 71. a5 Kd6 72. Kb5 Kd5 73. Re3 Kd4 74. Re5 Rf6 75. a6 h5 76. a7 Rf8 77. Kb6 Rf6+ 78. Kb5 Rf8 79. Re7 Rh8 80. Rb7 Ra8 81. Kb6 Ke4 82. Rh7 Kxf4 83. Rxh5 Kg4 84. Rh7 1/2-1/2

[Event "De Verteuil Memorial 21st"]
[Site "Port of Spain"]
[Date "2013.11.14"]
[Round "5"]
[White "James, Kevin"]
[Black "Sears, Frank"]
[Result "1/2-1/2"]
[WhiteElo "1886"]
[BlackElo "1923"]
[PlyCount "139"]
[EventDate "2013.10.17"]
[EventType "swiss"]
[EventRounds "7"]
[EventCountry "TRI"]
[SourceTitle "CBM 157 Extra"]
[Source "ChessBase"]
[SourceDate "2013.12.19"]
[SourceVersion "1"]
[SourceVersionDate "2013.12.19"]
[SourceQuality "1"]

1. e4 e5 2. Nf3 Nf6 3. Nxe5 d6 4. Nf3 Nxe4 5. d4 d5 6. Bd3 Nc6 7. 0-0 Be7 8. Re1 Bg4 9. c3 f5 10. Nbd2 0-0 11. Qc2 Bh4 12. Rf1 Bf6 13. b4 a6 14. a4 Nd6 15. h3 Bh5 16. Re1 Ne4 17. Ba3 Be7 18. b5 axb5 19. Bxe7 Nxe7 20. axb5 Qd6 21. Ne5 Qh6 22. Nf1 Qg5 23. f3 Nd6 24. Qf2 Ng6 25. Ne3 Nf4 26. Kh2 Nxd3 27. Nxd3 f4 28. Rxa8 Rxa8 29. Ng4 Bxg4 30. fxg4 Ne4 31. Qf3 h5 32. Nxf4 hxg4 33. hxg4 Qh4+ 34. Qh3 Qxe1 35. Ng6 Qh1+ 36. Kxh1 Nf2+ 37. Kh2 Nxh3 38. gxh3 Kh7 39. Ne7 c6 40. bxc6 bxc6 41. Nxc6 Rc8 42. Ne7 Rxc3 43. Nxd5 Rd3 44. Nf4 Rxd4 45. Kg3 g5 46. Ne6 Rd3+ 47. Kg2 Rd5 48. Kf3 Re5 49. Nd4 Kg6 50. Kg3 Re3+ 51. Nf3 Ra3 52. Kg2 Kf6 53. h4 gxh4 54. Nxh4 Kg5 55. Nf3+ Kxg4 56. Nh2+ Kf4 57. Nf1 Rd3 58. Kf2 Ra3 59. Ke2 Rf3 60. Nd2 Re3+ 61. Kf2 Re8 62. Nf1 Kg4 63. Ne3+ Kh3 64. Kf3 Rf8+ 65. Ke2 Kg3 66. Kd3 Kf3 67. Kd4 Rf4+ 68. Kd3 Rf8 69. Kd4 Ra8 70. Nd5 1/2-1/2

[Event "De Verteuil Memorial 20th"]
[Site "Port of Spain"]
[Date "2012.11.15"]
[Round "5"]
[White "Sears, Frank"]
[Black "Gordon, Anderson"]
[Result "0-1"]
[WhiteElo "1905"]
[BlackElo "1956"]
[PlyCount "74"]
[EventDate "2012.10.18"]
[EventType "swiss"]
[EventRounds "7"]
[EventCountry "TRI"]
[SourceTitle "EXT 2024"]
[Source "ChessBase"]
[SourceDate "2023.10.10"]
[SourceVersion "1"]
[SourceVersionDate "2023.10.10"]
[SourceQuality "1"]

1. e4 d5 2. exd5 Nf6 3. d4 Nxd5 4. Nf3 g6 5. c4 Nb6 6. h3 Bg7 7. Nc3 0-0 8. Be3 c6 9. Be2 Bf5 10. Qd2 Re8 11. 0-0 Na6 12. Rfd1 Nb4 13. Rac1 Qc8 14. a3 Na6 15. c5 Nd7 16. g4 Be6 17. Qc2 Nc7 18. Ng5 Bd5 19. f4 Nf6 20. Bf3 Bxf3 21. Nxf3 h5 22. Ne5 hxg4 23. Kh2 Qe6 24. Rg1 Ncd5 25. Bd2 Kh7 26. Ne4 Nxe4 27. Qxe4 f5 28. Qg2 Rh8 29. Kg3 Nf6 30. hxg4 Ne4+ 31. Kf3 Bxe5 32. fxe5 Nxd2+ 33. Qxd2 Qd5+ 34. Kg3 Qe4 35. Kf2 Raf8 36. g5 Kg7 37. Rh1 Rd8 0-1